[Event "Test Tournament"]
[Site "Emanuel Lasker Arena"]
[Date "2024.04.09"]
[Round "1"]
[White "Irina"]
[Black "Girlfriend Chess"]
[Result "0-1"]
[WhiteElo "2113"]
[BlackElo "1752"]
[Annotator "RC"]
[PlyCount "96"]
[EventDate "2024.04.09"]
[EventType "swiss (blitz)"]

1. d4 {[%emt 0:00:01]} Nf6 {[%emt 0:00:02]} 2. c4 {[%emt 0:00:02]} g6 {[%emt 0:00:01]} 3. Nc3 {[%emt 0:00:01]} Bg7 {[%emt 0:00:01]} 4. e4 {[%emt 0:00:01]} d6 {[%emt 0:00:01]} 5. Nf3 {[%emt 0:00:01]} O-O {[%emt 0:00:01]} 6. Be2 {[%emt 0:00:01]} e5 {[%emt 0:00:01]} 7. O-O {[%emt 0:00:01]} a5 {[%emt 0:00:01]} 8. dxe5 {[%emt 0:00:01]} dxe5 {[%emt 0:00:01]} 9. Nxe5 {[%emt 0:00:01]} Nxe4 {[%emt 0:00:04]} 10. Nxe4 {[%emt 0:00:01]} Bxe5 {[%emt 0:00:01]} 11. Bh6 {[%emt 0:00:04]} Qh4 {[%emt 0:00:04]} 12. f4 {[%emt 0:00:01]} Qxh6 {[%emt 0:00:01]} 13. fxe5 {[%emt 0:00:01]} Qe3+ {[%emt 0:00:01]} 14. Nf2 {[%emt 0:00:01]} Qxe5 {[%emt 0:00:01]} 15. Bg4 {[%emt 0:00:03]} f5 {[%emt 0:00:03]} 16. Qe2 {[%emt 0:00:03]} Nd7 {[%emt 0:00:04]} 17. Qxe5 {[%emt 0:00:03]} Nxe5 {[%emt 0:00:01]} 18. Bh3 {[%emt 0:00:03]} Nxc4 {[%emt 0:00:02]} 19. g3 {[%emt 0:00:02]} f4 {[%emt 0:00:03]} 20. b3 {[%emt 0:00:03]} Nd2 {[%emt 0:00:03]} 21. Rfc1 {[%emt 0:00:03]} a4 {[%emt 0:00:02]} 22. Rxc7 {[%emt 0:00:02]} Bxh3 {[%emt 0:00:02]} 23. Nxh3 {[%emt 0:00:01]} axb3 {[%emt 0:00:01]} 24. Rxb7 {[%emt 0:00:01]} Rxa2 {[%emt 0:00:00]} 25. Rxa2 {[%emt 0:00:02]} bxa2 {[%emt 0:00:01]} 26. Ra7 {[%emt 0:00:01]} fxg3 {[%emt 0:00:01]} 27. Rxa2 {[%emt 0:00:01]} Rf1+ {[%emt 0:00:01]} 28. Kg2 {[%emt 0:00:01]} gxh2 {[%emt 0:00:01]} 29. Kxh2 {[%emt 0:00:01]} Nc4 {[%emt 0:00:01]} 30. Ng5 {[%emt 0:00:01]} Rf6 {[%emt 0:00:01]} 31. Ra7 {[%emt 0:00:01]} Rf5 {[%emt 0:00:01]} 32. Ne6 {[%emt 0:00:01]} Re5 {[%emt 0:00:01]} 33. Rc7 {[%emt 0:00:01]} Rxe6 {[%emt 0:00:01]} 34. Rxc4 {[%emt 0:00:00]} Re2+ {[%emt 0:00:01]} 35. Kg3 {[%emt 0:00:01]} g5 {[%emt 0:00:01]} 36. Kg4 {[%emt 0:00:01]} Re5 {[%emt 0:00:01]} 37. Rb4 {[%emt 0:00:01]} h6 {[%emt 0:00:01]} 38. Ra4 {[%emt 0:00:01]} Rd5 {[%emt 0:00:01]} 39. Rb4 {[%emt 0:00:01]} Rd2 {[%emt 0:00:01]} 40. Ra4 {[%emt 0:00:01]} Kf8 {[%emt 0:00:01]} 41. Rb4 {[%emt 0:00:01]} Rc2 {[%emt 0:00:01]} 42. Rb8+ {[%emt 0:00:01]} Ke7 {[%emt 0:00:01]} 43. Rb4 {[%emt 0:00:01]} Ke8 {[%emt 0:00:01]} 44. Rb3 {[%emt 0:00:01]} Kf8 {[%emt 0:00:01]} 45. Rb4 {[%emt 0:00:01]} Rd2 {[%emt 0:00:01]} 46. Rb1 {[%emt 0:00:01]} Re2 {[%emt 0:00:01]} 47. Rb4 {[%emt 0:00:01]} Ke8 {[%emt 0:00:01]} 48. Ra4 {[%emt 0:00:01] .} Kf8 {[%emt 0:00:01]} 0-1

[Event "Test Tournament"]
[Site "Emanuel Lasker Arena"]
[Date "2024.04.02"]
[Round "1"]
[White "Antonella"]
[Black "BobFuscher"]
[Result "0-1"]
[WhiteElo "2109"]
[BlackElo "2255"]
[Annotator "RC"]
[PlyCount "72"]
[EventDate "2024.04.02"]
[EventType "swiss (blitz)"]

1. e4 {[%emt 0:00:01]} e5 {[%emt 0:00:01]} 2. Nf3 {[%emt 0:00:01]} Nc6 {[%emt 0:00:01]} 3. Bb5 {[%emt 0:00:01]} a6 {[%emt 0:00:01]} 4. Ba4 {[%emt 0:00:01]} Nf6 {[%emt 0:00:01]} 5. O-O {[%emt 0:00:01]} Be7 {[%emt 0:00:01]} 6. Re1 {[%emt 0:00:01]} b5 {[%emt 0:00:01]} 7. Bb3 {[%emt 0:00:01]} O-O {[%emt 0:00:01]} 8. d4 {[%emt 0:00:01]} d6 {[%emt 0:00:01]} 9. a4 {[%emt 0:00:01]} Bg4 {[%emt 0:00:02]} 10. axb5 {[%emt 0:00:01]} Bxf3 {[%emt 0:00:00]} 11. Qxf3 {[%emt 0:00:00]} Nxd4 {[%emt 0:00:01]} 12. Qg3 {[%emt 0:00:02]} axb5 {[%emt 0:00:01]} 13. Bh6 {[%emt 0:00:03]} Nh5 {[%emt 0:00:01]} 14. Rxa8 {[%emt 0:00:01]} Qxa8 {[%emt 0:00:00]} 15. Qg4 {[%emt 0:00:01]} Qa5 {[%emt 0:00:01]} 16. Bd2 {[%emt 0:00:01]} Nf6 {[%emt 0:00:01]} 17. Bxa5 {[%emt 0:00:01]} Nxg4 {[%emt 0:00:00]} 18. Nc3 {[%emt 0:00:01]} c6 {[%emt 0:00:01]} 19. Kf1 {[%emt 0:00:02]} Nxh2+ {[%emt 0:00:01]} 20. Kg1 {[%emt 0:00:01]} Ra8 {[%emt 0:00:01]} 21. Bc7 {[%emt 0:00:02]} Nxb3 {[%emt 0:00:01]} 22. cxb3 {[%emt 0:00:01]} Ng4 {[%emt 0:00:01]} 23. f3 {[%emt 0:00:02]} Nf6 {[%emt 0:00:01]} 24. g4 {[%emt 0:00:01]} Nd7 {[%emt 0:00:01]} 25. g5 {[%emt 0:00:02]} Nc5 {[%emt 0:00:01]} 26. b4 {[%emt 0:00:02]} Nd3 {[%emt 0:00:01]} 27. Re3 {[%emt 0:00:03]} Nxb2 {[%emt 0:00:01]} 28. Re2 {[%emt 0:00:02]} Nd3 {[%emt 0:00:01]} 29. Rd2 {[%emt 0:00:01]} Nxb4 {[%emt 0:00:01]} 30. f4 {[%emt 0:00:01]} Ra3 {[%emt 0:00:01]} 31. Ne2 {[%emt 0:00:01]} Nd3 {[%emt 0:00:01]} 32. Rc2 {[%emt 0:00:02]} Ra1+ {[%emt 0:00:01]} 33. Kh2 {[%emt 0:00:01]} exf4 {[%emt 0:00:00]} 34. Nd4 {[%emt 0:00:01]} Bxg5 {[%emt 0:00:01]} 35. Nxc6 {[%emt 0:00:00]} b4 {[%emt 0:00:01]} 36. Bxd6 {[%emt 0:00:01]} f5 {[%emt 0:00:01]} 0-1

[Event "Test Tournament"]
[Site "Emanuel Lasker Arena"]
[Date "2024.04.02"]
[Round "1"]
[White "Antonella"]
[Black "Leuwe"]
[Result "0-1"]
[WhiteElo "2107"]
[BlackElo "2262"]
[Annotator "RC"]
[PlyCount "40"]
[EventDate "2024.04.02"]
[EventType "swiss (blitz)"]

1. e4 {[%emt 0:00:01]} c5 {[%emt 0:00:01]} 2. Nf3 {[%emt 0:00:01]} Nc6 {[%emt 0:00:01]} 3. d4 {[%emt 0:00:01]} cxd4 {[%emt 0:00:01]} 4. Nxd4 {[%emt 0:00:01]} Nf6 {[%emt 0:00:01]} 5. Nc3 {[%emt 0:00:01]} e5 {[%emt 0:00:01]} 6. Nde2 {[%emt 0:00:01]} Bc5 {[%emt 0:00:01]} 7. Bg5 {[%emt 0:00:01]} Bxf2+ {[%emt 0:00:01]} 8. Kxf2 {[%emt 0:00:01]} Ng4+ {[%emt 0:00:01]} 9. Ke1 {[%emt 0:00:01]} Qxg5 {[%emt 0:00:00]} 10. h4 {[%emt 0:00:01]} Qe3 {[%emt 0:00:02]} 11. Qd6 {[%emt 0:00:02]} Qf2+ {[%emt 0:00:02]} 12. Kd2 {[%emt 0:00:01]} Ne3 {[%emt 0:00:02]} 13. Kd3 {[%emt 0:00:02]} h5 {[%emt 0:00:02]} 14. Nb5 {[%emt 0:00:01]} Rb8 {[%emt 0:00:02]} 15. Qc5 {[%emt 0:00:02]} Rh6 {[%emt 0:00:04]} 16. c4 {[%emt 0:00:02]} d5 {[%emt 0:00:02]} 17. cxd5 {[%emt 0:00:01]} Nd4 {[%emt 0:00:02]} 18. Qxa7 {[%emt 0:00:01]} Nxe2 {[%emt 0:00:02]} 19. Qxb8 {[%emt 0:00:00]} Nf4+ {[%emt 0:00:01]} 20. Kc3 {[%emt 0:00:01]} Nfxd5+ {[%emt 0:00:01]} 0-1

[Event "Test Tournament"]
[Site "Emanuel Lasker Arena"]
[Date "2024.04.02"]
[Round "1"]
[White "Jed Bartlet"]
[Black "Thomas Kydd"]
[Result "0-1"]
[WhiteElo "2103"]
[BlackElo "2473"]
[Annotator "TA"]
[PlyCount "90"]
[EventDate "2024.04.02"]
[EventType "swiss (blitz)"]

{[%evp 18,90,37,44,47,45,71,78,141,92,91,85,90,90,116,-322,-61,-193,-182,-173,25,31,220,0,204,-94,-93,-341,243,-30,0,0,233,-527,-443,-445,-428,-414,-396,-420,-423,-499,114,0,35,-291,-302,-496,-478,-676,-633,-1053,-1049,-1037,-1029,-1246,-1077,-7886,-12796,-29985,-29986,-29979,-7704,-12795,-5437,-29991,-29992,-29993,-29976,-29975,-29975,-29987,-29988,-29988,-29989]} 1. Nf3 {[%emt 0:00:01]} c5 {[%emt 0:00:01]} 2. g3 {[%emt 0:00:01]} Nf6 {[%emt 0:00:01]} 3. Bg2 {[%emt 0:00:01]} Nc6 {[%emt 0:00:01]} 4. O-O {[%emt 0:00:01]} d5 {[%emt 0:00:01]} 5. c4 {[%emt 0:00:01]} e6 {[%emt 0:00:01]} 6. d4 {[%emt 0:00:01]} Be7 {[%emt 0:00:01][%cal Bf8e7,Be7c5,Bc5b6][%mdl 32]} 7. cxd5 {[%emt 0:00:01]} exd5 {[%emt 0:00:01]} 8. dxc5 {[%emt 0:00:01]} Bxc5 {[%emt 0:00:01]} 9. a3 {[%emt 0:00:01]} O-O {[%emt 0:00:01]} 10. b4 {[%emt 0:00:01]} Bb6 {[%emt 0:00:01]} 11. Nc3 {[%emt 0:00:01]} Bf5 {[%emt 0:00:01]} 12. Bg5 {[%emt 0:00:02]} Be4 {[%emt 0:00:02]} ({Black should play} 12... d4 13. Nh4 Bh3 14. Bxf6 Qxf6) 13. b5 {[%emt 0:00:01]} (13. e3 $142) 13... Na5 $16 {[%emt 0:00:01]} 14. Bxf6 {[%emt 0:00:01]} Qxf6 {[%emt 0:00:00]} 15. Nxd5 {[%emt 0:00:00]} Qb2 {[%emt 0:00:01] And now ...Rfd8 would win.} 16. a4 $2 {[%emt 0:00:01][%mdl 8192]} (16. Ng5 $16 Bc2 17. Qc1 Qxc1 18. Raxc1) 16... Nb3 $2 {[%emt 0:00:01]} (16... Rfd8 $19 17. Ne7+ Kf8) 17. Nxb6 {[%emt 0:00:01]} axb6 $19 {[%emt 0:00:01]} 18. Ng5 {[%emt 0:00:01]} Bxg2 {[%emt 0:00:01]} (18... Qxa1 $2 19. Qxb3 Qxa4 20. Qxa4 Rxa4 21. Nxe4 $18 (21. Bxe4 h6 $18)) ({Better is} 18... Bc2 $1 $19 {[%cal Rc2d1]} 19. Rb1 Qa2) 19. Qd3 $36 {[%emt 0:00:02][%csl Gg5][%cal Rd3h7][%mdl 2048] White is pushing.} Rfd8 $2 {[%emt 0:00:01]} (19... Nxa1 20. Qxh7#) (19... g6 $14 20. Rfb1 Qe5 21. Qxb3 (21. Rxb3 $2 Bd5 $19) 21... Bd5) 20. Qxh7+ $18 {[%emt 0:00:01]} Kf8 {[%emt 0:00:01]} 21. Kxg2 {[%emt 0:00:01]} (21. Qh8+ Ke7 22. Qh4 Qd4 (22... Nxa1 $2 23. Kxg2 Qd4 24. Qxd4 $19) (22... Bxf1 23. Qe4+ Kd6 24. Nxf7+ Kc7 25. Rxf1 $19) 23. Qxd4 Rxd4 24. Kxg2 Nxa1 25. Rxa1 Raxa4 $19 (25... Rdxa4 26. Rc1 $17)) (21. Rab1 $18 Qf6 22. Kxg2) 21... Nxa1 $17 {[%emt 0:00:01]} 22. h4 $2 {[%emt 0:00:07]} (22. Qf5 $17 {was worth a try.} Qa2 (22... Rxa4 23. Qxf7#) 23. Rxa1 Qd5+ 24. Qxd5 Rxd5 25. h4) 22... Qf6 $4 {[%emt 0:00:02][%mdl 8192] [#]} (22... Rxa4 23. Rg1) (22... Nc2 $19 {and life is good for Black.} 23. Qh8+ Ke7) 23. Qe4 $2 {[%emt 0:00:02]} (23. Rc1 $1 $18 {[%cal Rc1c7]} Qh6 (23... Rxa4 24. Rc7) 24. Qf5 (24. Rxa1 Qxh7 25. Nxh7+ Ke8 $11)) 23... Kg8 $2 {[%emt 0:00:02][%mdl 8192]} (23... Qd6 $11 {and Black is okay.} 24. Rxa1 Qd5 25. Qxd5 Rxd5) 24. Qh7+ $18 {[%emt 0:00:02]} Kf8 {[%emt 0:00:01] [#]} 25. Qh8+ $4 {[%emt 0:00:01][%mdl 8192]} (25. Rc1 $1 $18 {[%cal Rc1c7] Rc7 would kill now.} Qg6 (25... Rxa4 26. Rc7) 26. Qxg6 (26. Rxa1 Qxh7 27. Nxh7+ Ke8 $17) 26... fxg6 27. Ne6+ (27. Rxa1 Rd2 $11) 27... Kg8 28. Nxd8 (28. Rxa1 Rd2 $14)) 25... Ke7 $19 {[%emt 0:00:01]} 26. Qh7 {[%emt 0:00:02]} Rxa4 {[%emt 0:00:00]} 27. Rc1 {[%emt 0:00:02]} Nb3 {[%emt 0:00:01]} 28. Rc7+ {[%emt 0:00:01]} Rd7 {[%emt 0:00:01]} 29. Rc8 {[%emt 0:00:02]} Rb4 $2 {[%emt 0:00:02]} (29... Nc5 $19 30. Qg8 Ne6 31. Re8+ Kd6 32. Nxe6 fxe6) 30. Qg8 $16 {[%emt 0:00:02][%csl Gc8][%cal Rg8f8] Really sharp!} Kd6 $1 {[%emt 0:00:01][%cal Ob3c5] White must now prevent ...Nc5!} (30... Rxb5 31. Qf8#) 31. Qf8+ $2 {[%emt 0:00:01][%mdl 8192]} (31. e4 $1 $14 Rxb5 32. Qf8+ Re7 (32... Ke5 $2 33. Rc4 $18) 33. f4 Rxg5 34. hxg5 Qb2+ (34... Qe6 35. Qd8+ Rd7 36. Qxb6+ Ke7 37. Qb4+ Rd6 38. Rc3 $11) 35. Kh3) 31... Qe7 $19 {[%emt 0:00:01]} 32. Nxf7+ $2 {[%emt 0:00:00]} (32. Qxg7 f6 (32... Qxe2 $2 33. Qf6+ Kd5 34. Qf5+ Kd6 35. Nxf7+ Ke7 36. Qg5+ Kxf7 37. Qf5+ Ke7 38. Qf8+ Ke6 39. Re8+ Kd5 40. Rxe2 $18) (32... Rxb5 $2 33. Qc3 $19) 33. Qg6) 32... Kd5 {[%emt 0:00:01]} 33. e4+ {[%emt 0:00:01]} (33. Qxe7 $142 Rxe7 34. Ng5) 33... Rxe4 {[%emt 0:00:01]} (33... Kxe4 $2 34. Re8 $18) 34. Qxg7 {[%emt 0:00:01]} Qxf7 {[%emt 0:00:01]} 35. Qg5+ {[%emt 0:00:01]} Re5 {[%emt 0:00:01]} 36. Qh6 {[%emt 0:00:02]} Qf5 {[%emt 0:00:01]} 37. Rf8 {[%emt 0:00:01]} Rf7 {[%emt 0:00:01]} 38. Rxf7 {[%emt 0:00:01]} Qxf7 {[%emt 0:00:01]} 39. Qxb6 {[%emt 0:00:00]} Qd7 {[%emt 0:00:01]} (39... Nd4 $142 40. Qd8+ Kc4 41. Qc8+ Kb4 (41... Kxb5 $2 42. Qc3 $19) 42. Qc1 Qf3+ (42... Kxb5 $2 43. Qb2+ Kc4 44. Qa2+ Nb3 45. Qc2+ Kb4 46. Qd3 $19) 43. Kh3 Qxf2 (43... Qf5+ $2 44. Kg2 $19) 44. Qf4 Qxf4 45. gxf4 Rxb5 (45... Re3+ $2 46. Kg4 $19) 46. Kg4 Rf5 47. h5 Kc3 48. h6 b5 (48... Rf7 {gets mated.} 49. Kg5 Ne6+ 50. Kg6 Rxf4 51. h7 Rf8 52. h8=R Rxh8 53. Kf7 Nf8 54. Kf6 b5 55. Kg5 b4 56. Kf5 Rh7 57. Kg5 b3 58. Kf5 b2 59. Kf6 b1=Q 60. Ke5 Qg6 61. Kf4 Rf7+ 62. Ke5 Qe6#) 49. h7 Rf8 50. Kh5 b4 (50... Rxf4 51. h8=Q $15) 51. f5 b3 (51... Nxf5 52. Kg4 b3 53. Kh3 b2 54. Kg4 Nd4 55. h8=B Rxh8 56. Kf4 b1=Q 57. Kg3 Qd3+ 58. Kf4 Qf5+ 59. Kg3 Qf3#) 52. Kg6 Nxf5 (52... Rxf5 $2 53. h8=Q $19) 53. Kg5 b2 54. Kg4 Ne3+ (54... b1=B {leads to mate.} 55. Kh3 Be4 56. Kg4 Kd4 57. Kh5 Ke5 58. Kg6 Kf4 59. h8=Q Rxh8 60. Kf6 Bd5 61. Kg6 Rh6#) 55. Kh3 b1=Q (55... b1=B 56. Kh2 Bxh7 57. Kg3 Be4 58. Kh4 Rg8 59. Kh5 Bf5 60. Kh4 Rg7 61. Kh5 Bg4+ 62. Kh6 Nf5#) 56. h8=B+ Rxh8+ 57. Kg3 Rg8+ 58. Kf4 Qf5+ 59. Kxe3 Re8#) 40. Qg6 {[%emt 0:00:02]} Nd4 {[%emt 0:00:01][%cal Od5c5] ( -> ...Kc5!)} 41. h5 {[%emt 0:00:02]} Kc4 {[%emt 0:00:01] Black mates.} 42. g4 {[%emt 0:00:01]} Qe6 {[%emt 0:00:01]} 43. Qxe6+ {[%emt 0:00:01]} Rxe6 {[%emt 0:00:01]} 44. b6 {[%emt 0:00:01]} Kd5 {[%emt 0:00:01]} 45. g5 {[%emt 0:00:01]} Re5 {[%emt 0:00:01] Weighted Error Value: White=1.59/Black=1.04.  Loses game:     	White=3     	Black=4      Missed win:     	White=3     	Black=4      Mistake:       	White=4     	Black=1      Inaccurate:     	White=1     	Black=1      OK:         	White=8     	Black=3      Best:        	White=2     	Black=4      Strong:       	---       	Black=1} 0-1

[Event "Test Tournament"]
[Site "Emanuel Lasker Arena"]
[Date "2024.04.02"]
[Round "1"]
[White "Jed Bartlet"]
[Black "BobFuscher"]
[Result "*"]
[WhiteElo "2103"]
[BlackElo "2255"]
[Annotator "RC"]
[PlyCount "61"]
[EventDate "2024.04.02"]
[EventType "swiss (blitz)"]

1. d4 {[%emt 0:00:01]} Nf6 {[%emt 0:00:01]} 2. c4 {[%emt 0:00:01]} e6 {[%emt 0:00:01]} 3. Nf3 {[%emt 0:00:01]} d5 {[%emt 0:00:01]} 4. g3 {[%emt 0:00:01]} Bb4+ {[%emt 0:00:03]} 5. Bd2 {[%emt 0:00:01]} Be7 {[%emt 0:00:01]} 6. Bg2 {[%emt 0:00:01]} O-O {[%emt 0:00:01]} 7. O-O {[%emt 0:00:01]} Nbd7 {[%emt 0:00:01]} 8. Qc2 {[%emt 0:00:01]} c6 {[%emt 0:00:01]} 9. Ne5 {[%emt 0:00:01]} Nxe5 {[%emt 0:00:01]} 10. dxe5 {[%emt 0:00:01]} Ng4 {[%emt 0:00:01]} 11. Bc3 {[%emt 0:00:01]} Qc7 {[%emt 0:00:01]} 12. cxd5 {[%emt 0:00:00]} exd5 {[%emt 0:00:00]} 13. e4 {[%emt 0:00:01]} Rd8 {[%emt 0:00:01]} 14. Bd4 {[%emt 0:00:01]} dxe4 {[%emt 0:00:01]} 15. Qxe4 {[%emt 0:00:00]} Be6 {[%emt 0:00:02]} 16. Nc3 {[%emt 0:00:02]} c5 {[%emt 0:00:02]} 17. Nb5 {[%emt 0:00:02]} Qb6 {[%emt 0:00:02]} 18. Qxb7 {[%emt 0:00:01]} cxd4 {[%emt 0:00:01]} 19. Qxb6 {[%emt 0:00:00]} axb6 {[%emt 0:00:00]} 20. Bxa8 {[%emt 0:00:01]} Rxa8 {[%emt 0:00:01]} 21. Nxd4 {[%emt 0:00:00]} Bc4 {[%emt 0:00:02]} 22. Rfe1 {[%emt 0:00:02]} Bc5 {[%emt 0:00:01]} 23. Re4 {[%emt 0:00:02]} Nxe5 {[%emt 0:00:02]} 24. Nc6 {[%emt 0:00:02]} Nf3+ {[%emt 0:00:01]} 25. Kg2 {[%emt 0:00:01]} Nd2 {[%emt 0:00:02]} 26. Re5 {[%emt 0:00:02]} f6 {[%emt 0:00:01]} 27. Ne7+ {[%emt 0:00:02]} Kf8 {[%emt 0:00:01]} 28. Rd5 {[%emt 0:00:02]} Bxd5+ {[%emt 0:00:01]} 29. Nxd5 {[%emt 0:00:00]} Nb3 {[%emt 0:00:02]} 30. Nc7 {[%emt 0:00:01]} Ra7 {[%emt 0:00:01]} 31. Ne6+ {[%emt 0:00:02]} *

[Event "Test Tournament"]
[Site "Emanuel Lasker Arena"]
[Date "2024.04.09"]
[Round "1"]
[White "Kalinda"]
[Black "Josha Matin"]
[Result "0-1"]
[WhiteElo "2102"]
[BlackElo "2225"]
[Annotator "RC"]
[PlyCount "62"]
[EventDate "2024.04.09"]
[EventType "swiss (blitz)"]

1. d4 {[%emt 0:00:01]} d5 {[%emt 0:00:01]} 2. c4 {[%emt 0:00:01]} e6 {[%emt 0:00:01]} 3. Nc3 {[%emt 0:00:01]} c5 {[%emt 0:00:01]} 4. Nf3 {[%emt 0:00:01]} cxd4 {[%emt 0:00:01]} 5. Qxd4 {[%emt 0:00:01]} Nc6 {[%emt 0:00:02]} 6. Qd3 {[%emt 0:00:01]} d4 {[%emt 0:00:01]} 7. b4 {[%emt 0:00:04]} dxc3 {[%emt 0:00:01]} 8. b5 {[%emt 0:00:02]} Qxd3 {[%emt 0:00:01]} 9. exd3 {[%emt 0:00:01]} Nb4 {[%emt 0:00:04]} 10. Ke2 {[%emt 0:00:05]} Bd6 {[%emt 0:00:04]} 11. a3 {[%emt 0:00:03]} Nd5 {[%emt 0:00:01]} 12. cxd5 {[%emt 0:00:01]} exd5 {[%emt 0:00:01]} 13. Bg5 {[%emt 0:00:03]} Bg4 {[%emt 0:00:03]} 14. a4 {[%emt 0:00:03]} Rc8 {[%emt 0:00:03]} 15. a5 {[%emt 0:00:03]} c2 {[%emt 0:00:03]} 16. a6 {[%emt 0:00:03]} b6 {[%emt 0:00:06]} 17. Kd2 {[%emt 0:00:03]} Nf6 {[%emt 0:00:02]} 18. Re1+ {[%emt 0:00:02]} Kd7 {[%emt 0:00:02]} 19. Rc1 {[%emt 0:00:03]} Bb4+ {[%emt 0:00:02]} 20. Ke2 {[%emt 0:00:01]} d4 {[%emt 0:00:02]} 21. h3 {[%emt 0:00:02]} Nd5 {[%emt 0:00:01]} 22. hxg4 {[%emt 0:00:01]} Rhe8+ {[%emt 0:00:01]} 23. Ne5+ {[%emt 0:00:00]} Rxe5+ {[%emt 0:00:01]} 24. Kf3 {[%emt 0:00:01]} Rxg5 {[%emt 0:00:01]} 25. Rxh7 {[%emt 0:00:01]} Ba3 {[%emt 0:00:01]} 26. Ra1 {[%emt 0:00:02]} c1=R {[%emt 0:00:01]} 27. Rxa3 {[%emt 0:00:01]} Rxf1 {[%emt 0:00:01]} 28. g3 {[%emt 0:00:01]} Rc2 {[%emt 0:00:01]} 29. Rh1 {[%emt 0:00:01]} Rcxf2+ {[%emt 0:00:01]} 30. Ke4 {[%emt 0:00:01]} Rf4+ {[%emt 0:00:01]} 31. gxf4 {[%emt 0:00:00]} Rxf4# {[%emt 0:00:00] (Lag: Av=0.24s, max=6.0s)} 0-1

[Event "Test Tournament"]
[Site "Emanuel Lasker Arena"]
[Date "2024.04.09"]
[Round "1"]
[White "StressTest"]
[Black "Fuerteventura"]
[Result "0-1"]
[WhiteElo "2101"]
[BlackElo "1620"]
[Annotator "RC"]
[PlyCount "74"]
[EventDate "2024.04.09"]
[EventType "swiss (blitz)"]

1. c4 {[%emt 0:00:01]} g6 {[%emt 0:00:02]} 2. Nc3 {[%emt 0:00:01]} Bg7 {[%emt 0:00:01]} 3. g3 {[%emt 0:00:01]} c5 {[%emt 0:00:01]} 4. Nf3 {[%emt 0:00:01]} Nc6 {[%emt 0:00:01]} 5. Bg2 {[%emt 0:00:01]} Nf6 {[%emt 0:00:05]} 6. d4 {[%emt 0:00:01]} d5 {[%emt 0:00:01]} 7. O-O {[%emt 0:00:00]} dxc4 {[%emt 0:00:01]} 8. dxc5 {[%emt 0:00:01]} Bg4 {[%emt 0:00:02]} 9. Ng5 {[%emt 0:00:04]} h6 {[%emt 0:00:01]} 10. Nge4 {[%emt 0:00:04]} Qd4 {[%emt 0:00:23]} 11. Nd6+ {[%emt 0:00:04]} Kf8 {[%emt 0:00:01]} 12. Qxd4 {[%emt 0:00:01]} Nxd4 {[%emt 0:00:01]} 13. Be3 {[%emt 0:00:04]} Nxe2+ {[%emt 0:00:01]} 14. Nxe2 {[%emt 0:00:01]} Bxe2 {[%emt 0:00:01]} 15. Bxb7 {[%emt 0:00:03]} Rb8 {[%emt 0:00:02]} 16. Bf4 {[%emt 0:00:01]} Bxf1 {[%emt 0:00:01]} 17. Rxf1 {[%emt 0:00:01]} Ng4 {[%emt 0:00:01]} 18. h3 {[%emt 0:00:03]} Bxb2 {[%emt 0:00:01]} 19. Rb1 {[%emt 0:00:02]} g5 {[%emt 0:00:01]} 20. c6 {[%emt 0:00:02]} gxf4 {[%emt 0:00:01]} 21. c7 {[%emt 0:00:02]} Ra8 {[%emt 0:00:02]} 22. Bxa8 {[%emt 0:00:01]} Kg7 {[%emt 0:00:01]} 23. Nf5+ {[%emt 0:00:03]} Kf6 {[%emt 0:00:01]} 24. hxg4 {[%emt 0:00:01]} Rxa8 {[%emt 0:00:00]} 25. Rxb2 {[%emt 0:00:01]} c3 {[%emt 0:00:01]} 26. Rb8 {[%emt 0:00:01]} c2 {[%emt 0:00:01]} 27. c8=Q {[%emt 0:00:01]} Rxb8 {[%emt 0:00:01]} 28. Qc3+ {[%emt 0:00:01]} e5 {[%emt 0:00:01]} 29. Qxc2 {[%emt 0:00:01]} fxg3 {[%emt 0:00:00]} 30. fxg3 {[%emt 0:00:01]} h5 {[%emt 0:00:01]} 31. Qc7 {[%emt 0:00:09]} Rb2 {[%emt 0:00:01]} 32. Qe7+ {[%emt 0:00:01]} Kg6 {[%emt 0:00:00]} 33. Nh4+ {[%emt 0:00:01]} Kg7 {[%emt 0:00:01]} 34. Qxe5+ {[%emt 0:00:00]} Kg8 {[%emt 0:00:00]} 35. Qxb2 {[%emt 0:00:01]} hxg4 {[%emt 0:00:00]} 36. Nf5 {[%emt 0:00:01]} f6 {[%emt 0:00:00]} 37. Qxf6 {[%emt 0:00:00] .} a6 {[%emt 0:00:00]} 0-1

[Event "Test Tournament"]
[Site "Emanuel Lasker Arena"]
[Date "2024.04.09"]
[Round "1"]
[White "StressTest"]
[Black "Daenerys"]
[Result "1-0"]
[WhiteElo "2101"]
[BlackElo "1922"]
[Annotator "RC"]
[PlyCount "37"]
[EventDate "2024.04.09"]
[EventType "swiss (blitz)"]

1. e4 {[%emt 0:00:01]} c5 {[%emt 0:00:01]} 2. Nf3 {[%emt 0:00:01]} d6 {[%emt 0:00:01]} 3. d4 {[%emt 0:00:01]} cxd4 {[%emt 0:00:01]} 4. Nxd4 {[%emt 0:00:01]} Nf6 {[%emt 0:00:01]} 5. Nc3 {[%emt 0:00:01]} a6 {[%emt 0:00:01]} 6. Be3 {[%emt 0:00:01]} e5 {[%emt 0:00:01]} 7. Nb3 {[%emt 0:00:01]} Be6 {[%emt 0:00:01]} 8. f3 {[%emt 0:00:01]} Nbd7 {[%emt 0:00:01]} 9. g4 {[%emt 0:00:01]} Be7 {[%emt 0:00:01]} 10. Qd2 {[%emt 0:00:01]} h5 {[%emt 0:00:01]} 11. g5 {[%emt 0:00:01]} Qa5 {[%emt 0:00:11]} 12. Nxa5 {[%emt 0:00:01]} Nh7 {[%emt 0:00:01]} 13. Nxb7 {[%emt 0:00:04]} h4 {[%emt 0:00:04]} 14. Nxd6+ {[%emt 0:00:03]} Kd8 {[%emt 0:00:01]} 15. Bc4 {[%emt 0:00:03]} Bxd6 {[%emt 0:00:01]} 16. Bxe6 {[%emt 0:00:03]} fxe6 {[%emt 0:00:01]} 17. Qxd6 {[%emt 0:00:01]} Rb8 {[%emt 0:00:03]} 18. O-O-O {[%emt 0:00:03]} Rb7 {[%emt 0:00:01]} 19. Qxe6 {[%emt 0:00:01] Daenerys resigns (Lag: Av=0.05s, max=0.1s)} 1-0

[Event "Test Tournament"]
[Site "Emanuel Lasker Arena"]
[Date "2024.04.09"]
[Round "1"]
[White "MikhailBerg"]
[Black "Hollis"]
[Result "1-0"]
[WhiteElo "2094"]
[BlackElo "1881"]
[Annotator "RC"]
[PlyCount "25"]
[EventDate "2024.04.09"]
[EventType "swiss (blitz)"]

1. e4 {[%emt 0:00:01]} Nf6 {[%emt 0:00:01]} 2. e5 {[%emt 0:00:01]} Nd5 {[%emt 0:00:01]} 3. d4 {[%emt 0:00:01]} d6 {[%emt 0:00:01]} 4. c4 {[%emt 0:00:01]} Nb6 {[%emt 0:00:02]} 5. f4 {[%emt 0:00:01]} dxe5 {[%emt 0:00:01]} 6. fxe5 {[%emt 0:00:01]} Bf5 {[%emt 0:00:02]} 7. Be3 {[%emt 0:00:01]} Nc6 {[%emt 0:00:01]} 8. Nc3 {[%emt 0:00:02]} Nb4 {[%emt 0:00:01]} 9. Rc1 {[%emt 0:00:01]} c5 {[%emt 0:00:01]} 10. Nf3 {[%emt 0:00:05]} cxd4 {[%emt 0:00:01]} 11. Nxd4 {[%emt 0:00:01]} g6 {[%emt 0:00:04]} 12. Ndb5 {[%emt 0:00:01]} h5 {[%emt 0:00:04]} 13. Rg1 {[%emt 0:00:04] MikhailBerg resigns (Lag: Av=0.05s, max=0.1s) Hollis resigns} 1-0